| 000 | | | 03783nmc2a22002533x 450 |
| 001 | | | 7f841971-3937-4899-8740-b76bc00d086e |
| 005 | | | 20251023154028.0 |
| 100 | ## | $a | 20250429l18471848k l0rusy0189 ca |
| 101 | 0# | $a | rus |
| | $a | fre |
| 102 | ## | $a | RU |
| 105 | ## | $a | y### |
| 122 | 2# | $a | d |
| 200 | 1# | $a | Дело о поднесении государю императору изданной членом Парижской академии наук Реньо книги и о пожаловании ему за это награды, золотой медали |
| | $j | 24 октября 1847 г. - 8 января 1848 г. |
| 215 | ## | $a | 10 л. |
| | $d | 36,5х26 см |
| 251 | ## | $c | Дело |
| 300 | ## | $a | На русском и французском языках |
| 300 | ## | $a | На обложке указано: "№78" |
| 371 | ## | $a | Документ не является опубликованным и широко распространяемым |
| 461 | #0 | $1 | 0012b5b8419-5ce4-4d16-a7a3-85720a295f1f |
| | $1 | 2001 |
| | $a | Канцелярия министра народного просвещения |
| | $1 | 251 |
| | $c | Фонд |
| | $1 | 852 |
| | $j | 735 |
| 462 | #0 | $1 | 001562cc287-b13c-4f02-8029-f81535ba1e2e |
| | $1 | 2001 |
| | $a | Канцелярия министра народного просвещения |
| | $1 | 251 |
| | $c | Опись |
| | $1 | 852 |
| | $j | 2 |
| 801 | #0 | $a | RU |
| | $b | РГИА |
| | $c | 20250429 |
| | $g | RCR |
| 801 | #1 | $a | RU |
| | $b | ГлавНИВЦ |
| | $c | 20250429 |
| | $2 | rusmarc |
| 801 | #2 | $a | RU |
| | $b | ПБ им. Б.Н. Ельцина |
| | $c | 20251023 |
| | $g | RCR |
| | $2 | rusmarc |
| 850 | ## | $a | РГИА |
| 852 | ## | $a | РГИА |
| | $e | Федеральное казенное учреждение "Российский государственный исторический архив" (РГИА) |
| | $j | 672 |
| 937 | ## | $h | РГИА |
| | $d | 12421591 |
| | $a | ASBIBLIO_SCAN |
| 035 | ## | $a | RusGRCC00085661 |
| 856 | ## | $u | http://readingroom.main.prlib.ru/item.aspx?id_node=n198634061&mode=full |